| 000 | 00550cam a2200205ua 4500 | ||
|---|---|---|---|
| 001 | 6339 | ||
| 008 | 131129n ii |||gr||||Z||||||eng | ||
| 020 | _a0-07-463227-2 | ||
| 040 | _cMAIN | ||
| 082 | _a658 | ||
| 245 |
_aEssentials of management _cBy Harold koontz |
||
| 250 | _a5th ed. | ||
| 260 |
_aNew delhi: _bTata McGraw-hill publishing company limited, _c1998. |
||
| 300 | _axviii,519p. | ||
| 653 | _aCommerce | ||
| 653 | _aEssentials of management | ||
| 700 |
_aKoontz,Harold, _eAuthor., |
||
| 700 | 1 | 2 |
_aWeihrich,Heinz, _eAuthor. |
| 942 | _cBK | ||
| 999 |
_c5491 _d5491 |
||